000 00544nam a22002057a 4500
005 20141210141152.0
008 141210b xxu||||| |||| 00| 0 eng d
020 _a004574033X
040 _aLoreto College
041 _aEnglish
082 _a574.9
_bMIE
100 _aMielke, H.W.
245 _aPatterns of life
_bBiogeography of a changing world
_cH.W. Mielke
260 _aBoston
_bUnwind Hyman
_c1989
300 _axiv, 370p.
_b24cm.
504 _aIncludes references and index.
650 _aBiology
850 _aLCLIB
942 _cBK
999 _c39692
_d90171